[Event "EU-ch 16th"]
[Site "Jerusalem"]
[Date "2015.03.06"]
[Round "10"]
[White "Hochman, Elnatan"]
[Black "Katzir, Moshe"]
[Result "0-1"]
[WhiteElo "1976"]
[BlackElo "2196"]
[PlyCount "69"]
[EventDate "2015.02.24"]
[EventType "swiss"]
[EventRounds "11"]
[EventCountry "ISR"]
[SourceTitle "CBM 166"]
[Source "ChessBase"]
[SourceDate "2015.05.11"]
[SourceVersion "1"]
[SourceVersionDate "2015.05.11"]
[SourceQuality "1"]

1. d4 d5 2. Nf3 e6 3. e3 Nf6 4. Bd3 c5 5. b3 Nc6 6. a3 Bd6 7. Bb2 b6 8. Ne5 Bb7 9. 0-0 0-0 10. f4 Ne7 11. g4 Ne4 12. Qe1 f6 13. Nf3 Qd7 14. Qh4 Ng6 15. Qh5 Nxf4 16. exf4 Bxf4 17. Re1 cxd4 18. Nxd4 g6 19. Qh3 Ng5 20. Qg2 e5 21. h4 Ne4 22. Nf3 Bg3 23. Re2 Qxg4 24. h5 Nf2 25. Rxf2 Bxf2+ 26. Kxf2 Qxg2+ 27. Kxg2 e4 28. hxg6 hxg6 29. Be2 exf3+ 30. Bxf3 Rf7 31. Nc3 Rd8 32. Rd1 d4 33. Bxb7 Rxb7 34. Ne2 Rc7 35. Kf2 0-1

[Event "EU-ch 16th"]
[Site "Jerusalem"]
[Date "2015.02.24"]
[Round "1"]
[White "Michalik, Peter"]
[Black "Hochman, Elnatan"]
[Result "1/2-1/2"]
[WhiteElo "2576"]
[BlackElo "1976"]
[PlyCount "60"]
[EventDate "2015.02.24"]
[EventType "swiss"]
[EventRounds "11"]
[EventCountry "ISR"]
[SourceTitle "CBM 166"]
[Source "ChessBase"]
[SourceDate "2015.05.11"]
[SourceVersion "1"]
[SourceVersionDate "2015.05.11"]
[SourceQuality "1"]

1. e4 c5 2. Nf3 Nc6 3. Nc3 d6 4. d4 cxd4 5. Nxd4 e5 6. Nf3 Nf6 7. Bc4 Be7 8. 0-0 0-0 9. h3 a6 10. Bg5 b5 11. Bb3 Bb7 12. Re1 Na5 13. Bxf6 Bxf6 14. Bd5 Nc6 15. Qd2 Qc7 16. Nd1 Rac8 17. Ne3 Nd4 18. Nxd4 exd4 19. Ng4 Bxd5 20. Nxf6+ gxf6 21. exd5 Qxc2 22. Qxd4 Qf5 23. Rad1 Rfe8 24. Rxe8+ Rxe8 25. Rd3 Re1+ 26. Kh2 Kf8 27. Rg3 h5 28. Qd2 Re4 29. Ra3 Qe5+ 30. g3 Kg7 1/2-1/2

[Event "Jerusalem Japhet Memorial op 2nd"]
[Site "Jerusalem"]
[Date "2014.07.21"]
[Round "5"]
[White "Hochman, Elnatan"]
[Black "Shohat, Yotam"]
[Result "0-1"]
[WhiteElo "2010"]
[BlackElo "1880"]
[PlyCount "76"]
[EventDate "2014.07.16"]
[EventType "swiss"]
[EventRounds "9"]
[EventCountry "ISR"]
[SourceTitle "CBM 161 Extra"]
[Source "ChessBase"]
[SourceDate "2014.08.29"]
[SourceVersion "1"]
[SourceVersionDate "2014.08.29"]
[SourceQuality "1"]

1. d4 Nf6 2. c4 c5 3. d5 b5 4. cxb5 a6 5. bxa6 g6 6. Nc3 Bxa6 7. e4 Bxf1 8. Kxf1 d6 9. g3 Bg7 10. Nf3 Nbd7 11. Kg2 0-0 12. a4 Ra6 13. Qe2 Qa8 14. Ra3 Rb8 15. b3 Rb4 16. Nd2 Qb7 17. f3 Ne8 18. Nb5 Nb6 19. Nb1 c4 20. a5 Rxb5 21. axb6 Raxb6 22. Qxc4 Rb4 23. Qc2 Rxb3 24. Rxb3 Rxb3 25. Ba3 Bb2 26. Nd2 Rxa3 27. Rb1 Qa6 28. Rxb2 Qe2+ 29. Kh3 Ra1 30. Qc8 Rh1 31. Qxe8+ Kg7 32. Kg4 h5+ 33. Kf4 Re1 34. Nc4 Qxc4 35. Kg5 Qc1+ 36. f4 Qxb2 37. Qxe7 Rxe4 38. Qxd6 f6+ 0-1

[Event "Jerusalem Japhet Memorial op 2nd"]
[Site "Jerusalem"]
[Date "2014.07.17"]
[Round "2"]
[White "Haimovich, Tal"]
[Black "Hochman, Elnatan"]
[Result "1-0"]
[WhiteElo "2369"]
[BlackElo "2010"]
[PlyCount "65"]
[EventDate "2014.07.16"]
[EventType "swiss"]
[EventRounds "9"]
[EventCountry "ISR"]
[SourceTitle "CBM 161 Extra"]
[Source "ChessBase"]
[SourceDate "2014.08.29"]
[SourceVersion "1"]
[SourceVersionDate "2014.08.29"]
[SourceQuality "1"]

1. d4 Nf6 2. c4 g6 3. Nc3 Bg7 4. e4 d6 5. Bd3 0-0 6. Nge2 c5 7. d5 e6 8. 0-0 exd5 9. cxd5 a6 10. a4 b6 11. Bg5 h6 12. Bh4 Qc7 13. Rc1 Nbd7 14. b3 Ne5 15. Bb1 Bd7 16. f4 Neg4 17. Qd2 Nh7 18. h3 Ngf6 19. e5 dxe5 20. d6 Qb7 21. fxe5 Nh5 22. Be4 Bc6 23. Bxc6 Qxc6 24. Nd5 Qb7 25. Be7 Bxe5 26. Bxf8 Nxf8 27. g4 Ng3 28. Ne7+ Kg7 29. Nxg3 Rd8 30. Rce1 Rxd6 31. Ngf5+ gxf5 32. Nxf5+ Kh7 33. Nxd6 1-0